000
00308cam a2200133ua 4500
020
_a
9788185749907
082
_a
621.4022
_b
KUM/HE
100
_a
Kumar, D.S .
245
_a
Heat and mass transfer /
250
_a
6 / 7
260
_a
Delhi :
_b
S K Kataria and sons ,
_c
2008.
300
_a
; .
942
_c
BK
999
_c
13127
_d
13127